000 00554nam a2200217Ia 4500
008 101110s9999 xx 000 0 und d
041 _aENGLISH
082 _bSR31208
100 _aBhattacharya S.S.
245 _aZoology Vol. II part-I FYBSc
260 _c2008
_b Sheth publishers,Mumbai
300 _a190
365 _b90
520 _aBiology/Zoology
546 _aENGLISH
630 _aZoology Vol. II part-I FYBSc
650 _aBiology/Zoology
655 _aBiology/Zoology
730 _aZoology Vol. II part-I FYBSc
942 _cBOOK
999 _c823710
_d823707